Govt. of
Madhya Pradesh

Mastering Ventura 3.0 Gem Edition (Record no. 31493)

MARC details
000 -LEADER
fixed length control field 003270000a22001450004500
003 - CONTROL NUMBER IDENTIFIER
control field MACL
040 ## - CATALOGING SOURCE
Original cataloging agency MACL
090 ## - LOCALLY ASSIGNED LC-TYPE CALL NUMBER (OCLC); LOCAL CALL NUMBER (RLIN)
-- 31813
-- 31811
100 ## - MAIN ENTRY--PERSONAL NAME
Personal name Holtz, Matthew
245 ## - TITLE STATEMENT
Title Mastering Ventura 3.0 Gem Edition
260 ## - PUBLICATION, DISTRIBUTION, ETC. (IMPRINT)
Name of publisher, distributor, etc. BPB Publications
Date of publication, distribution, etc. 1991
350 ## - PRICE (NR) (BK AM CF MU VM SE) [OBSOLETE]
Price 150
650 ## - SUBJECT ADDED ENTRY--TOPICAL TERM
Topical term or geographic name as entry element Computer Science
942 ## - ADDED ENTRY ELEMENTS (KOHA)
Koha item type Library Membar
Call number prefix 004.6/HOL
Holdings
Withdrawn status Lost status Damaged status Not for loan Home library Current library Date acquired Total Checkouts Full call number Barcode Date last seen Uniform Resource Identifier Price effective from Koha item type
        MACL MACL 15/04/2015   004.6/HOL BOOK CLC2723 29/04/2015 31546 15/04/2015 Books